Normal view
MARC view
- Machinerys,
Entry Personal Name
001 - CONTROL NUMBER
- control field: 7338
003 - CONTROL NUMBER IDENTIFIER
- control field: OSt
005 - DATE AND TIME OF LATEST TRANSACTION
- control field: 20250325155818.0
008 - FIXED-LENGTH DATA ELEMENTS
- fixed length control field: 250325|| aca||aabn | a|a d
040 ## - CATALOGING SOURCE
- Original cataloging agency: OSt
- Transcribing agency: OSt
100 ## - HEADING--PERSONAL NAME
- Personal name: Machinerys,
670 ## - SOURCE DATA FOUND
- Source citation: Work cat.: (OSt)1601: Machinerys, ., Hydraulic pumpsm and motors for machine , 1958.
